Middle Eastern Cities - Sudden Death - Statistics

General Stats
  • This quiz has been taken 100 times
  • The average score is 10 of 18
Answers on the Grid
Answers color-coded by a green-red scale on the quiz's grid according to % correct below.
Beirut
Cairo
Tehran
York
Dubrovnik
Lucknow
Erbil
Accra
Muscat
Karachi
Mosul
Irbid
Abu Dhabi
Mashhad
Phoenix
Fortaleza
Shiraz
Adana
Caracas
Najaf
Sanaa
Gaziantep
Aleppo
Darwin
Dar es Salaam
Foshan
Abidjan
Alexandria
Bursa
Dammam
 
Answer Stats
Answer % Correct
Beirut
92%
Tehran
92%
Cairo
84%
Abu Dhabi
81%
Muscat
73%
Aleppo
62%
Mosul
58%
Alexandria
57%
Sanaa
57%
Mashhad
56%
Erbil
51%
Shiraz
51%
Dammam
45%
Irbid
40%
Bursa
39%
Adana
38%
Najaf
38%
Gaziantep
35%
No matching quizzes found
Score Distribution
Percent of People with Each Score
Percentile by Number Answered
Your Score History
You have not taken this quiz